Central Library, Doon University
WEBOPAC (ONLINE PUBLIC ACCESS CATALOGUE)

Marketing Analytics (Record no. 60990)

MARC details
000 -LEADER
fixed length control field 00565nam a22002057a 4500
005 - DATE & TIME
control field 20260604112943.0
008 - FIXED-LENGTH DATA ELEMENTS--GENERAL INFORMATION
fixed length control field 260604b |||||||| |||| 00| 0 eng d
020 ## - ISBN
International Standard Book Number 9789356400634
Price 899.00
040 ## - CATALOGING SOURCE
Original cataloging agency Doon University
041 ## - Language
Language English
082 ## - DDC NUMBER
Classification number 658.80015
Book Number PAL
100 ## - MAIN ENTRY--PERSONAL NAME
Personal name Palmatier, Robert W.
245 ## - TITLE STATEMENT
Title Marketing Analytics
Sub Title : Based on First Principles
260 ## - PUBLICATION, DISTRIBUTION, ETC. (IMPRINT)
Place of publication, distribution, etc New Dlhi
Name of publisher, distributor, etc Bloomsbury
Date of publication, distribution, etc 2022
300 ## - PHYSICAL DESCRIPTION
Pages 399
650 ## - Subject
Subject Commerce (PM USHA)
700 ## - Added Entry Personal Name
Added Entry Personal Name Andrew J. Petersen
700 ## - Added Entry Personal Name
Added Entry Personal Name Frank, Germann
942 ## - ADDED ENTRY ELEMENTS (KOHA)
Koha item type Books
100 ## - MAIN ENTRY--PERSONAL NAME
-- 27006
650 ## - Subject
-- 26705
700 ## - Added Entry Personal Name
-- 27007
700 ## - Added Entry Personal Name
-- 27008
952 ## - LOCATION AND ITEM INFORMATION (KOHA)
-- 2026-06-04
Holdings
Withdrawn status Lost status Source of classification or shelving scheme Damaged status Not for loan Location (home branch) Sublocation or collection (holding branch) Date acquired Koha issues (times borrowed) Koha full call number Accession No. Koha date last seen Koha item type
          Doon University Doon University 04.06.2026   658.80015 PAL 34598 04.06.2026 Books
Contact : +91-135-2533126 (Library),+91-135-2533105 (Admin Office) , Email : doonlibrary@gmail.com

Powered by Koha